How to challenge an arbitrator's jurisdiction under the English Arbitration Act (Part 1) (Record no. 67725)

MARC details
000 -LEADER
fixed length control field 01228cam a2200241 4500
001 - CONTROL NUMBER
control field X113653
008 - FIXED-LENGTH DATA ELEMENTS--GENERAL INFORMATION
fixed length control field 010712n2001 000 0 eng u
035 ## - SYSTEM CONTROL NUMBER
System control number (Sirsi) u113653
245 ## - TITLE STATEMENT
Title How to challenge an arbitrator's jurisdiction under the English Arbitration Act (Part 1)
260 ## - PUBLICATION, DISTRIBUTION, ETC.
Date of publication, distribution, etc. 2001
490 ## - SERIES STATEMENT
Series statement Asian Dispute Resolution
Volume/sequential designation June 2001, 10-12(3)
520 ## - SUMMARY, ETC.
Summary, etc. Describes two of the options available to a party served with a notice asking them to appoint an arbitrator or risk having the other party's arbitrator made the sole arbitrator where the existence of a contract containing an arbitration clause is in dispute. The arbitral tribunal can be asked to decide itself whether or not it has jurisdiction, although this can prove costly where an appeal is taken to the court, or a request can be made to the HC to decide the issue as a preliminary point. Case law.
650 ## - SUBJECT ADDED ENTRY--TOPICAL TERM
Topical term or geographic name entry element APPEALS
650 ## - SUBJECT ADDED ENTRY--TOPICAL TERM
Topical term or geographic name entry element ARBITRATION ACT 1996
650 ## - SUBJECT ADDED ENTRY--TOPICAL TERM
Topical term or geographic name entry element ARBITRATION ACT 1996 S67
650 ## - SUBJECT ADDED ENTRY--TOPICAL TERM
Topical term or geographic name entry element ARBITRATION ACT 1996 S67
650 ## - SUBJECT ADDED ENTRY--TOPICAL TERM
Topical term or geographic name entry element ARBITRATION ACT 1996 S74
650 ## - SUBJECT ADDED ENTRY--TOPICAL TERM
Topical term or geographic name entry element CIVIL PROCEDURE RULES
650 ## - SUBJECT ADDED ENTRY--TOPICAL TERM
Topical term or geographic name entry element CIVIL PROCEDURE RULES PART 49
650 ## - SUBJECT ADDED ENTRY--TOPICAL TERM
Topical term or geographic name entry element JURISDICTION
690 ## - LOCAL SUBJECT ADDED ENTRY--TOPICAL TERM (OCLC, RLIN)
Topical term or geographic name as entry element Dispute resolution
9 (RLIN) 6236
942 ## - ADDED ENTRY ELEMENTS (KOHA)
Suppress in OPAC 0
Holdings
Withdrawn status Lost status Source of classification or shelving scheme Damaged status Not for loan Home library Current library Shelving location Date acquired Total Checkouts Full call number Barcode Date last seen Copy number Price effective from Koha item type
    Dewey Decimal Classification     London London Journal article 12/07/2001   X113653 113653-1001 06/08/2019 1 06/08/2019 Journal article